Logos de marques par lettre - D - Statistiques

Statistiques générales
  • Ce quiz a été pris 89 081 fois
  • Le résultat moyen est 13 sur 16
Statistiques - réponses
Par images Hint Réponse % Correct
Sport Decathlon
99%
Streaming Disney +
99%
Restauration Domino’s Pizza
99%
Alimentaire Doritos
97%
Musique Deezer
95%
Santé Durex
94%
Électroménager Darty
93%
Hygiène Dove
92%
Alimentaire Danone
89%
Réseau social Discord
87%
Boisson Desperados
82%
Technologie Dell
80%
Boisson Dr Pepper
74%
Animation Dreamworks
72%
Informatique Dropbox
51%
Mode Diesel
37%
Aucun quiz correspondant
Distribution des résultats
% des personnes avec chaque résultat
Percentile par nombre de réponses
Votre historique - résultats
Vous n’avez pas pris ce quiz